Flagge + Umriss - Länder von Nordamerika - Statistiken

Allgemein
  • Dieses Quiz wurde 78 mal gespielt
  • Das Durchschnittsergebnis liegt bei 19 aus 23
Antwortstatistiken
Bildquiz Antwort % Korrekt
Kanada
100%
Mexiko
98%
Jamaika
97%
Vereinigte Staaten
97%
Panama
92%
Kuba
86%
Bahamas
83%
Barbados
83%
Costa Rica
83%
Guatemala
83%
Haiti
83%
Nicaragua
83%
Trinidad und Tobago
81%
Dominikanische Republik
79%
El Salvador
78%
Belize
76%
Honduras
76%
St. Vincent und die Grenadinen
76%
St. Lucia
75%
Antigua und Barbuda
73%
Dominica
71%
Grenada
68%
St. Kitts und Nevis
68%
Keine übereinstimmenden Quizze gefunden
Verteilung der Resultate
Anzahl Personen mit jedem Resultat
Perzentil nach korrekt beantworteten Fragen
Ihre Resultats-Entwicklung
Sie haben dieses Quiz noch nicht gespielt